|
|
|
|
| LEADER |
00000nam0a2200000 4500 |
| 001 |
278578 |
| 005 |
20231101235127.0 |
| 035 |
|
|
|a (RuTPU)RU\TPU\book\301855
|
| 090 |
|
|
|a 278578
|
| 100 |
|
|
|a 20141212d1986 k y0rusy50 ca
|
| 101 |
0 |
|
|a rus
|
| 102 |
|
|
|a RU
|
| 105 |
|
|
|a y z 001zy
|
| 200 |
1 |
|
|a Параметрические методы анализа многомерных временных рядов
|f А. Ф. Кушнир, В. М. Лапшин
|g Академия наук СССР (АН СССР), Институт физики Земли им. О. Ю. Шмидта (ИФЗ)
|
| 210 |
|
|
|a Москва
|c Изд-во ИФЗ
|d 1986
|
| 215 |
|
|
|a 242 с.
|
| 320 |
|
|
|a Библиогр.: с. 227-238
|
| 606 |
1 |
|
|a Вероятностей теория и математическая статистика
|2 stltpush
|3 (RuTPU)RU\TPU\subj\2260
|9 30847
|
| 610 |
1 |
|
|a временные ряды
|
| 610 |
1 |
|
|a параметрические методы
|
| 610 |
1 |
|
|a анализ
|
| 610 |
1 |
|
|a наблюдения
|
| 610 |
1 |
|
|a асимптотическая нормальность
|
| 610 |
1 |
|
|a сигналы
|
| 610 |
1 |
|
|a обнаружение
|
| 610 |
1 |
|
|a алгоритмы
|
| 610 |
1 |
|
|a спектральный анализ
|
| 675 |
|
|
|a 519.23
|v 4
|
| 700 |
|
1 |
|a Кушнир
|b А. Ф.
|
| 701 |
|
1 |
|a Лапшин
|b В. М.
|
| 712 |
0 |
2 |
|a Академия наук СССР (АН СССР)
|b Институт физики Земли им. О. Ю. Шмидта (ИФЗ)
|c (Москва)
|c (1956-1991)
|2 stltpush
|3 (RuTPU)RU\TPU\col\209
|
| 801 |
|
1 |
|a RU
|b 63413507
|c 20141212
|
| 801 |
|
2 |
|a RU
|b 63413507
|c 20170412
|g RCR
|
| 942 |
|
|
|c BK
|